|
|
|
|
| LEADER |
00000nam a2200000 a 4500 |
| 001 |
vtls001349578 |
| 003 |
SK-MaSNL |
| 005 |
20260301010317.0 |
| 008 |
130606s1998 xo 0 hun |
| 015 |
|
|
|a SNBJ1998/04-02863
|
| 035 |
|
|
|a SNK000302890
|
| 040 |
|
|
|a SNK
|b slo
|c SNK
|e AACR2
|
| 044 |
|
|
|a xo
|c SK
|
| 080 |
|
|
|a 784.66:785.1(086.7)
|2 1981
|
| 245 |
1 |
|
|a Ghymes. Rege
|h zvukový dokument
|
| 260 |
|
|
|a Bratislava
|b Radio Bratislava
|c 1998
|
| 300 |
|
|
|a 1 kompaktná platňa (67 min. 61 sek.)
|b stereo
|
| 505 |
0 |
|
|a Obsahuje 12 piesní
|
| 511 |
|
|
|a Účinkuje hudobná skupina Ghymes
|
| 650 |
0 |
7 |
|a populárna hudba
|x platne kompaktné
|2 SNK
|9 283660
|
| 655 |
|
7 |
|a kompaktné platne
|2 SNK
|9 70690
|
| 710 |
0 |
|
|a Ghymes hudobná skupina
|4 uci
|9 30729
|
| 999 |
|
|
|c 547736
|d 549666
|
| 952 |
|
|
|t P60, <03>, [BOOK], {603}
|a SNK
|b SNK
|y PREZ
|7 0
|p 17A0168526
|o snkSCD 807
|i snkJK 538/98
|0 0
|1 0
|4 0
|d 1998-11-26
|l 0
|r 2005-01-02 00:00:00
|w 2026-02-23
|